Semiótica para principiantes.

Gardado en:
Detalles Bibliográficos
Autor Principal: Cobley, Paul (autor)
Outros autores: Jansz, Litza (ilustradora), Fideleff, Karina (traductora)
Formato: Libro
Publicado: Buenos Aires, Argentina: Era Naciente, 2012.
Edición:Primera edición.
Series:Documentos Ilustrados,
Subjects:
Tags: Engadir etiqueta
Sen Etiquetas, Sexa o primeiro en etiquetar este rexistro!

MARC

LEADER 00000nam a22000007a 4500
003 CL-VaPUC
005 20250321101933.0
008 250127t2012 ||||| |||| 00| 0 eng d
999 |c 446813  |d 446811 
020 |a 978-987-9065-84-6 
040 |c Pontificia Universidad Católica de Valparaíso 
082 |a 404.41 COB 2012 
100 |9 895858  |a Cobley, Paul  |e autor 
245 |a Semiótica para principiantes. 
250 |a Primera edición. 
260 |a Buenos Aires, Argentina:  |b Era Naciente,  |c 2012. 
300 |a 174 páginas:  |b ilustraciones. 
490 |a Documentos Ilustrados,  |n  78. 
500 |a c.1-c.2. Instituto Arcos.08-01-2025. 
583 |c 20250127  |k Gabriela Rodríguez Cuevas 
650 0 |9 265317  |a Semiótica  |x Principios y fundamentos  |x Libro ilustrado 
650 0 |9 862429  |a Signos y símbolos   |x Comunicación 
650 0 |9 257082  |a Filosofía del lenguaje  |x Significado 
700 |9 895859  |a Jansz, Litza  |e ilustradora 
700 |9 895860  |a Fideleff, Karina  |e traductora 
942 |2 ddc  |c BK  |n 0 
952 |0 0  |1 0  |2 ddc  |4 0  |6 404_410000000000000_COB_2012  |7 0  |9 599918  |a BIBINC  |b BIBINC  |c GEN  |d 2025-01-27  |e Instituto Arcos  |i 5664805  |o 404.41 COB 2012  |p 5664805  |r 2025-01-27  |t 1  |w 2025-01-27  |y BK  |k IFP 
952 |0 0  |1 0  |2 ddc  |4 0  |6 404_410000000000000_COB_2012  |7 0  |9 599950  |a BIBINC  |b BIBINC  |c GEN  |d 2025-01-27  |e Instituto Arcos  |i 5664812  |o 404.41 COB 2012  |p 5664812  |r 2025-01-27  |t 2  |w 2025-01-27  |y BK  |k IFP